000
00227nam a2200097Ia 4500
005
20251222114345.0
008
251222s1900||||xx |||||||||||||| ||spa||
082
_a
DVD0040/S47
245
0
_a
Cuentos que no son cuentos:
942
_c
DVD
999
_c
1010
_d
1010